Decline and fall? Britain's crisis in the sixties
Gardado en:
| Autor Principal: | |
|---|---|
| Formato: | Libro |
| Idioma: | Undetermined |
| Publicado: |
London
Macmillan St Martin's Press
1969
|
| Những chủ đề: | |
| Các nhãn: |
Engadir etiqueta
Sen Etiquetas, Sexa o primeiro en etiquetar este rexistro!
|
| Thư viện lưu trữ: | Trung tâm Học liệu Trường Đại học Cần Thơ |
|---|
| LEADER | 00601nam a2200217Ia 4500 | ||
|---|---|---|---|
| 001 | CTU_83418 | ||
| 008 | 210402s9999 xx 000 0 und d | ||
| 082 | |a 330.942 | ||
| 082 | |b E35 | ||
| 100 | |a Einzig, Paul | ||
| 245 | 0 | |a Decline and fall? Britain's crisis in the sixties | |
| 245 | 0 | |c Paul Einzig | |
| 260 | |a London | ||
| 260 | |b Macmillan St Martin's Press | ||
| 260 | |c 1969 | ||
| 650 | |a Great britain,Labor policy | ||
| 650 | |x Economic policy | ||
| 650 | |y 1945-1964 | ||
| 650 | |z Great britain | ||
| 904 | |i Qhieu(sửa) | ||
| 980 | |a Trung tâm Học liệu Trường Đại học Cần Thơ | ||